000 01180nam a22002417a 4500
005 20111201111957.0
010 _aB-444798-799
020 _a9780195697049
_c345.00
035 _aB-444798-799
037 _bAllied Pub/Ven
082 _a307.72
100 _aSundar, Nandini
_938336
245 _aSubalterns and sovereigns:
_cby Nandini Sundar
_ban anthorpological history of Bastar, 1857-2006 /
250 _a2nd ed.
260 _aNew Delhi
_bOxford University Press
_c2011
270 _aYMCA Library Building , Jai Shingh Road,
_bNew Delhi
_e110001
300 _axxvi, 326p.
_c22cm(pbk)
_bphotos
500 _aIncludes glossary, bibliographical references & index
942 _2ddc
_cEN
_mSUN
_h307.72
999 _c58867
_d58867